000
00279nam a22001217a 4500
020
_a
9781912464081
040
_c
NUST
082
_a
823-CH
_b
AUS
100
_a
Austen, Jane
_9
48924
245
_a
Emma
260
_a
London:
_b
Baker Street Press Saltway,
_c
2018.
942
_2
ddc
_c
BK
999
_c
586331
_d
586331